00866 2200229 4500001002100000005001500021035002000036008004100056020002000097041000800117082000800125084001400133100001700147245006700164250001000231260003100241300003100272520027100303650001000574990002600584990002600610INLIS00000000000763820221025043206 a0010-0520007638221025 | | ind  a978-979-450-533 aind a340 a340 RID p0 aRidwan Halim1 aPengantar Hukum Indonesia Dalam Tanya Jawab /cA. Ridwan Halim aCet.1 aBogor :bNusa Media,c2007 axii, 332p.; 23 cm ;c23 cm aDalam buku ini materi yang disajikan telah dipilih dan disusun sebagai materi pengajaran mata kuliah pengantar hukum Indonesia yang praktis dan diramu secara komprehensif. Untuk mewujudkan efisiensi dan dan efektivitas yang bisa dirasakan langsung oleh para pembaca. 4aHukum a08409/MKRI-P/XII-2008 a08410/MKRI-P/XII-2008